=LDR 00000nam 2200000 4500 =001 000532 =005 20250711120748 =035 ##$$a 0010-0725000400 =007 ta =008 250711################a##########0#ind## =020 ##$$a 978-623-118-863-2 =082 ##$$a 398.209 598 =084 ##$$a 398.209 598 WAR p =100 #$$a Wartono =245 1#$$a Perjalanan ke sawah /$c Wartono =250 ##$$a Cetakan pertama =260 ##$$a Rawamangun :$b Badan pengembangan dan pembinaan bahasa,$c 2022 =300 ##$$a 24 hlm. : $b Ilus. ; $c 29,7cm =650 #4$$a Cerita anak-indonesia =990 ##$$a TBM02910291